Week 14 CFP Poll - Statistics

General Stats
  • This quiz has been taken 20 times
  • The average score is 22 of 25
Answer Stats
Rank Change in Poll Team % Correct
10 Stay Alabama
100%
4 Stay Georgia
100%
2 Stay Indiana
100%
1 Stay Ohio State
100%
16 Up 1 Texas
100%
3 Stay Texas A&M
100%
12 Up 1 Miami
94%
9 Stay Notre Dame
94%
6 Up 1 Oregon
94%
5 Stay Texas Tech
94%
24 Stay Tulane
94%
17 Down 2 USC
94%
15 Up 3 Michigan
88%
7 Down 1 Ole Miss
88%
21 NR SMU
88%
11 Stay BYU
82%
22 NR Pitt
82%
19 Up 1 Tennessee
82%
25 NR Arizona
76%
8 Stay Oklahoma
76%
13 Down 1 Utah
76%
14 Stay Vanderbilt
76%
20 Up 5 Arizona State
71%
23 Down 7 Georgia Tech
71%
18 Up 1 Virginia
71%
No matching quizzes found
Score Distribution
Percent of People with Each Score
Percentile by Number Answered
Your Score History
You have not taken this quiz